| 000 | 00562nam a2200205Ia 4500 | ||
|---|---|---|---|
| 005 | 20250505124930.0 | ||
| 008 | 008 250505s9999 xx 000 0 eng d | ||
| 037 | _aReference | ||
| 040 |
_aLCO _beng _cLCO |
||
| 041 |
_aeng _2eng |
||
| 084 |
_aZ2,218 Q0 _qLCO |
||
| 100 |
_aVibhaw, Nawneet _9753985 |
||
| 245 | 0 |
_aEnvironment energy and climate changes _c Nawneet Vibhaw |
|
| 260 |
_aHaryana, India _bLexisNexis _c2020 |
||
| 300 | _a426 | ||
| 365 |
_aINR _b750 |
||
| 650 | _aLaw | ||
| 942 |
_cREF _hZ2,218 Q0 |
||
| 999 |
_c1310727 _d1310727 |
||